banner-ar

فلسطين (Record no. 65405)

MARC details
000 -الفاتح
حقل البيانات ثابتة الطول 00676nam a22002177a 4500
005 - وقت وتاريخ اخر تعامل مع التسجيلة
رقم الضبط 20240530110823.0
008 - عناصر البيانات ثابتة الطول - معلومات عامة
حقل البيانات ثابتة الطول 190711s2018 ua a g 000 0 ara d
017 ## - رقم الايداع القانونى
المصدر ( الهيئة المختصة) مصر. دار الكتب
020 ## - الرقم الدولى المعيارى للكتب
الرقم الدولى المعيارى للكتاب 9789933572389
040 ## - مصدر الفهرسة
وكالة الفهرسة الأصلية EG-CaGPL
وكالة النسخ EG-CaGPL
082 04 - رقم تصنيف ديوى العشرى
رقم الطبعة 21
رقم التصنيف 320.956 /
رقم المادة م ف
110 0# - المدخل الرئيسى - إسم هيئة
اسم الهيئة أو اسم السلطة كمدخل المؤسسة العربية للدراسات والنشر
245 10 - بيان العنوان
العنوان فلسطين
250 ## - بيان الطبعة
بيان الطبعة ط.1
260 ## - PUBLICATION, DISTRIBUTION, ETC. (IMPRINT)
تاريخ النشر أو التوزيع 1993 .
300 ## - الوصف المادى
التعداد 238 ص. ؛
أبعاد الوعاء 24 سم.
490 0# - بيان السلسلة
عنوان السلسلة كتاب قضايا عربية
650 07 - المدخل الاضافى بالموضوع-مصطلح موضوعى
مصطلح موضوعي فلسطين
مصدر الرأس أو المصطلح qrmak
651 ## - المدخل الاضافى بالموضوع - اسم جغرافى
مصدر الرأس أو المصطلح qrmak
942 ## - عناصر المدخل الإضافي( كوها)
مصدر التصنيف او مخطط الترفيف Dewey Decimal Classification
Koha [default] item type كتاب
260 ## - PUBLICATION, DISTRIBUTION, ETC. (IMPRINT)
-- بيروت :
-- المؤسسة العربية للدراسات والنشر،
Holdings
حالة التراجع حالة الفقد حالة تلف ليس للاعارة المكان المؤقت الموقع الحالى موقع الترفيف تاريخ الاكتساب اجمالي اﻻعارات رقم الطلب الباركود تاريخ اخر مشاهدة تاريخ تفعيل السعر نوع وعاء كوها
        مكتبة القاهرة الكبرى مكتبة القاهرة الكبرى القاعة الرئيسية 07/21/2019   320.956 / م ف 166221 07/21/2019 07/21/2019 كتاب
        مكتبة القاهرة الكبرى مكتبة القاهرة الكبرى القاعة الرئيسية 07/21/2019   320.956 / م ف 166222 07/21/2019 07/21/2019 كتاب
        مكتبة القاهرة الكبرى مكتبة القاهرة الكبرى القاعة الرئيسية 07/21/2019   320.956 / م ف 166223 07/21/2019 07/21/2019 كتاب

Powered By

EGPV